| 000 | 00960cab a2200277 4500 | ||
|---|---|---|---|
| 001 | ABS59703 | ||
| 008 | 090401t1998 xxu||||| |||| 00| 0 eng d | ||
| 035 | _a(Sirsi) u89826 | ||
| 041 | _aeng | ||
| 100 | _aFletcher, S. | ||
| 245 | _aHow to... make a map | ||
| 260 | _c1998 | ||
| 350 | _a0 | ||
| 490 |
_aMapping Awareness _v12(9) November 1998, 34-37(4) |
||
| 520 | _aDiscusses scanning and digitising existing maps into software, and compares the manual process off digitisatoin with the automated process. Considers the editing functions required for an effective system, the need to identify context-dependant error, and suggestswhat to look for in packages. | ||
| 650 | _aAUTOMATIC DIGITISATION | ||
| 650 | _aDIGITAL MAPS | ||
| 650 | _aEDITING FUNCTIONS | ||
| 650 | _aGIS | ||
| 650 | _aMANUAL DIGITISATION | ||
| 650 | _aSCANNING | ||
| 650 | _aSYSTEMS OPTIONS | ||
| 690 | _aMAPPING AND MEASUREMENT | ||
| 942 | _n0 | ||
| 948 | _c19/11/1998 | ||
| 999 |
_c56865 _d56865 |
||